Estatísticas para Países mais próximos de Turquia - um minuto corrida

Clique aqui para jogar o quiz

Estatísticas Gerais

  • Esse quiz foi jogado 28 vezes
  • A pontuação média é 14 de 20

Estatísticas das Respostas

kmpaís% Correto
0Grécia
90%
0Síria
90%
69Chipre
86%
0Irão
86%
0Iraque
81%
285Israel
81%
125Líbano
81%
0Azerbaijão
76%
0Bulgária
76%
0Geórgia
76%
0Armênia
71%
198Romênia
71%
420Albânia
62%
342Jordânia
57%
136Rússia
57%
366Ucrânia
57%
274Macedónia
do Norte
52%
387Moldávia
52%
322Sérvia
43%
388Kosovo
38%

Distribuição das Pontuações

Percentil de Números Respondidos

Porcentagem de Pessoas com Cada Pontuação

Sua Pontuação Histórica

Você não jogou esse quiz